00356nam a2200121Ia 4500008004000000020001800040082001600058100002200074245005300096260003600149300001300185650003600198210210b1994 xxu||||| |||| 00| 0 eng d a81 7371 003 1 a530.12 VENQ aVENKATARAMAN (G). aQuantum revolution II Qed: the jewel of physics. aIndiabUniversities Pressc1994 aviii,136 aVignettes Physics Quantum Q E D